Tâm lý học lứa tuổi và tâm lý học sư phạm Giáo trình đào tạo giáo viên Trung học cơ sở hệ Cao đẳng Sư Phạm

Guardado en:
Detalles Bibliográficos
Autor principal: Lê Văn Hồng
Otros Autores: Lê Ngọc Lan (Tác giả)
Formato: Libro
Lenguaje:Vietnamese
Publicado: H. Giaó dục 1995
Materias:
Etiquetas: Agregar Etiqueta
Sin Etiquetas, Sea el primero en etiquetar este registro!
Thư viện lưu trữ: Mạng thư viện Đại học Đà Nẵng
LEADER 01225nam a2200337 4500
001 000013690
003 10034
005 20120320140307.0
008 120320s1995 viesd
020 |c 0 
041 0 |a vie 
082 |a 150.151  |b LÊ-H 
100 0 |a Lê Văn Hồng 
245 0 |a Tâm lý học lứa tuổi và tâm lý học sư phạm  |b Giáo trình đào tạo giáo viên Trung học cơ sở hệ Cao đẳng Sư Phạm  |c Lê Văn Hồng 
260 |a H.  |b Giaó dục  |c 1995 
300 |a 214 tr  |c 21 cm 
500 |a ĐTTS: Bộ giáo dục và đào tạo chương trình giáo trình đại học 
653 |a Tâm lí học 
653 |a Tâm lí sư phạm 
653 |a Tâm lí lứa tuổi 
700 |a Lê Ngọc Lan  |e Tác giả 
OWN |a LSP 
AVA |a UDN50  |b LSP  |d 150.151 LÊ-H  |e available  |t Error 5001 Not defined in file expand_doc_bib_avail.  |f 2  |g 0  |h N  |i 0  |k 1 
999 |a From the UDN01 
AVA |a UDN50  |b LSP  |d 150.151 LÊ-H  |e available  |t Error 5001 Not defined in file expand_doc_bib_avail.  |f 2  |g 0  |h N  |i 0  |k 1 
TYP |a Monograph 
TYP |a Printed language 
980 |a Mạng thư viện Đại học Đà Nẵng